Quizzes
Events
Quiz Creation
Community
Videos
Private Events
Remove Ads
Sign In
Join for FREE
Feedback
Dark Mode
Quiz Categories
Sports
Geography
Music
Movies
Television
Just For Fun
Miscellaneous
History
Literature
Language
Science
Gaming
Entertainment
Religion
Holiday
For Kids
Quiz Lab
Recent
Popular Today
Quiz Kudos Today
Editor Picks
Curator Picks
Quizzes by...
Day
Popularity
Type
Ratings
Length
Year
Community
Subscriptions
Recent Discussions
Orange Saloon
Badges
Playlists
Quests
Create
Leaderboards
Showdown
Live 5
Trivia Bingo
Activity
Puzzle Library
Sporcle Events
Private Events
Virtual Trivia
Globe League
Become a Host
Pub Owners
SporcleCon
Opinionation
Our Games
Videos
Blog
Mobile Apps
Partnerships
Remove Ads and Go Orange
Feedback
History
US Presidents
World Leaders
Politics
Nation
Discovery
War
Decade
Year
Century
Biography
Art
History
US Presidents
World Leaders
Politics
Nation
Discovery
War
Decade
Year
Century
Biography
Art
Random Quiz
Search Sporcle
×
Quiz Lab
Quiz Lab
History
Type in answers that appear in a list
Type in answers that appear in a list
Classic
Best Score? Go Orange.
Ártöl fyrir sögupróf Stats
Can you name the ártöl eftirfarandi atburða?
By
Yngimundur
20m
52 Questions
78 Plays
78 Plays
78 Plays
Comments
Comments
Give Quiz Kudos
Give Quiz Kudos
-
- Ratings
hide this ad
Replay
Link that replays current quiz
Next Quiz
Link to next quiz in quiz playlist
You Got
0%
They Got
Avg Score
81%
Avg Friend Score
Upgrade to see
Score Distribution
Jump to the score distribution portion of the page
Score
0/52
Timer
20:00
0
Plays Today
Atburður
Ártal
% Correct
Orrustan við Trafalgar
1805
98.7%
Tilboð Jörgensens
1807
98.7%
Vínarfundurinn
1815
97.4%
Orrustan við Borodino
1812
96.2%
Alþingi endurreist í Reykjavík
1845
93.6%
Byltingarárið mikla í Evrópu, einveldi afnumið í Danmörku og borgarastyrjöld brýst út
1848
93.6%
Sameining Ítalíu
1870
92.3%
Íslendingar fá framkvæmdavald og þingræði
1904
91%
Fyrsta bílnum ekið á Íslandi
1904
91%
Íslandsbanki stofnaður
1904
91%
Parísarkommúnan og sameining Þýskalands
1871
89.7%
Stöðulögin skilgreina sérmál Íslands
1871
89.7%
Hitler verður kanslari Þýskalands
1933
85.9%
Alþingi hafnar boði um fjárveitingarvald á þjóðfundi
1851
84.6%
Vélvæðing í sjávarútvegi hefst á Ísafirði
1902
84.6%
Konur og verkamenn fá kosningarétt á Íslandi
1915
84.6%
Lýðveldi stofnað á Íslandi 17. júní
1944
84.6%
Þýskaland Hitler gefst upp fyrir Bandamönnum og Bandaríkin varpa kjarnorkusprengjum á Hiroshima og Nagasaki
1945
84.6%
Árásir á World Trade Center
2001
84.6%
Bandaríkjaher yfirgefur Ísland
2006
84.6%
Ísland sækir um aðild að ESB
2009
84.6%
Heimsvaldastefna stórveldanna og Íslendingar flytja til N-
Ameríku
1870-1914
83.3%
Berlínarfundurinn
1884
83.3%
Fyrsti togari Íslands og Japanir sigra Rússa í stríði. Þjóðþing í Rússlandi
1905
83.3%
Ísland verður fullvalda konungsríki 1. des
1918
83.3%
Innlimum Tékkóslóvakíu í Þýskaland og seinni heimsstyrjöldin hefst með árás Þýskalands á Pólland
1939
83.3%
Atburður
Ártal
% Correct
Bretar hernema Ísland
1940
83.3%
Bandaríkjaher kemur til Íslands
1941
82.1%
Ísland fær aukaaðild að ESB með samningi
1994
82.1%
Verslunarfrelsi Íslendinga lögleitt
1855
80.8%
Fyrri heimsstyrjöld
1914-1918
80.8%
Innlimun Austrríkis í Þýskaland
1938
80.8%
Nasistar tapa úrslitaorrustu við Stalingrad í Sovétríkjunum
1943
80.8%
Sovétríkin leysast upp
1991
80.8%
Íslendingar fá stjórnarskrá og Alþinig fjárveitingarvald
1874
79.5%
Heimskreppan hefst í BNA með hruni verðbréfa í Wall Street
1929
79.5%
Berlínarmúrinn felldur og Kalda stríðinu lýkur
1989
79.5%
Fleiri Íslendingar í þéttbýli en sveitum
1920
78.2%
Innrás Japana í Kína
1937
78.2%
Keisarinn hrakinn frá völdum í Rússlandi. Bolsévikar ræna völdum og stofna Sovétríkin
1917
76.9%
NATO stofnað og Kalda stríðið hefst
1949
76.9%
Indland fær sjálfstæði frá Bretum
1947
75.6%
Berlínarmúrinn reistur
1961
75.6%
Kúbudeilan
1962
74.4%
Bandaríkjaher reisir herstöðvar á Íslandi
1951
73.1%
ESB stofnað
1958
73.1%
Ísland gerist aðili að EFTA
1970
71.8%
Efnahagsvöxtur í veröldinn
1923-1928
69.2%
Kóreustríðið
1950-1953
69.2%
Víetnamstríðið síðara, lýkur með sigri NFL
1965-1975
59%
Þorskastríð við Breta
1958-1976
55.1%
Nýlendur í Asíu og Afríku fá sjálfstæði
1947-1974
52.6%
Quiz Playlist
Details
Report
Send in Message
Add To Playlist
Classic:
Type in answers that appear in a list
Last Updated: Feb 16, 2017
Quiz Scoreboard
CHALLENGE
Sign Up to Join the Scoreboard
Show All
Scores
Hide
Comments
May contain spoilers
Recently Published
An Introduction to Baseball
by treessimontrees
Sports
5m
Movies - When Are They Set?
by FPL_Elf
Movies
5m
Popular People in 1961
by mucciniale
History
6m
More to Explore
Quiz From the Vault
Featured Blog Post
Where Did the Easter Bunny Come From?
hide this ad
You Might Also Like...
Tags
This quiz does not have any tags.
Today's Top Quizzes in History
Browse History
hide this ad
Top Contributed Quizzes in History
1
Popular People in 1991
2
Popular People in 1981
3
Popular People in 1951
4
Popular People in 1941
5
Popular People in 1986
6
Popular People in 1976
7
Popular People in 1921
8
I Am Born On March 28th
9
Popular People in 1946
10
Popular People in 1936
Explore More
Trending Topics
Anime
NBA
Marvel
Kpop
Harry Potter
Crossword
Disney
Song
Pokémon
NFL
Puzzle
WWE
The Office
Soccer
Country
hide this ad
More By:
Yngimundur
Quiz
Plays
Rating
Category
Featured
Created
Unit 9 New Headway - glósulisti
171
Language
May 23, 2012
Unit 7 New Headway - glósulisti
146
5.00
Language
May 23, 2012
Unit 10 New Headway - glósulisti
112
Language
May 23, 2012
Unit 8 New Headway - glósulisti
104
Language
May 23, 2012
Unit 11 New Headway - glósulisti
101
Language
May 23, 2012
Go to Creator's Profile
Score Distribution
Quiz Creator Spotlight
Yngimundur
Follow
Send a Message
Quizzes Created
-
Created Quiz Play Count
-
More By This Creator
Popular Quizzes Today
1
Find the Countries of Europe - No Outlines Minefield
2
Find the US States - No Outlines Minefield
3
The Countries of the World
4
Popular People in 1961
5
US States
6
1-10 Letter E Words III
7
Find the US States
8
Risky Map Clicking: Biggest States A-Z
More History Quizzes
I Am Born On March 10th
Quiz Lab
Trending Quizzes
Risky Map Clicking: Least Populous States A-Z
1-10 Letter F Words
1-10 Letter G Words
One Thing in Common: United Kingdom
Risky Map Clicking: Next State Alphabetically
Recently Updated
Leaping Animals
pecheneg
Reality TV Shows (A-Z)
bhenderson79
Rickey Henderson's Hall of Fame Teammates
pecheneg
Champions League XIs: Arsenal
pecheneg
Quick Pick: Celebrities in WWE's Hall of Fame
aduchscher
A-Z Keypad Blitz II
pecheneg
Multiple Oscar Actors
pecheneg
Mystery Phrase Blitz: Oscar 'Best Actors'
pecheneg
F. Scott Fitzgerald Novels
LTH
Pick 3 Villains
ddd62291
Trending Topics
Disney
Marvel
Harry Potter
NBA
Crossword
Anime
Kpop
Puzzle
The Office
WWE
NFL
Country
Song
Pokémon
Soccer
Your Account Isn't Verified!
In order to create a playlist on Sporcle, you need to verify the email address you used during registration. Go to your
Sporcle Settings
to finish the process.
Report this User
Report this user for behavior that violates our
Community Guidelines
.
Details:
Send Report
Go to the Sporcle.com Mobile Site →
Comments